འབྲུག་གི་སྤྱི་ཚོགས་དང་པའི་ཚོགས་ཐེངས་བདུན་པའི་ནང་རྒྱལ་ཁམས་ཀྱི་གནས་སྟངས་སྐོར་ལས་མི་རྗེ་བློན་ཆེན་འཇིགས་མེད་འོད་ཟེར་འཕྲིན་ལས་མཆོག་གིས་ཕུལ་བའི་ལོ་བསྟར་སྙན་ཞུ་ཐེངས་གསུམ་པ། (Record no. 1455)

MARC details
000 -LEADER
fixed length control field 01866nam a2200205 4500
001 - CONTROL NUMBER
control field 1894
005 - DATE AND TIME OF LATEST TRANSACTION
control field 20210210132514.0
008 - FIXED-LENGTH DATA ELEMENTS--GENERAL INFORMATION
fixed length control field 210210b ||||| |||| 00| 0 eng d
090 00 - LOCALLY ASSIGNED LC-TYPE CALL NUMBER (OCLC); LOCAL CALL NUMBER (RLIN)
Classification number (OCLC) (R) ; Classification number, CALL (RLIN) (NR) 954.98 S79711third 2011
100 00 - MAIN ENTRY--PERSONAL NAME
Personal name Thinley, Lyonchhen Jigme Yoeser.
240 ## - UNIFORM TITLE
Uniform title འབྲུག་གི་སྤྱི་ཚོགས་དང་པའི་ཚོགས་ཐེངས་བདུན་པའི་ནང་རྒྱལ་ཁམས་ཀྱི་གནས་སྟངས་སྐོར་ལས་མི་རྗེ་བློན་ཆེན་འཇིགས་མེད་འོད་ཟེར་འཕྲིན་ལས་མཆོག་གིས་ཕུལ་བའི་ལོ་བསྟར་སྙན་ཞུ་ཐེངས་གསུམ་པ།
245 00 - TITLE STATEMENT
Title འབྲུག་གི་སྤྱི་ཚོགས་དང་པའི་ཚོགས་ཐེངས་བདུན་པའི་ནང་རྒྱལ་ཁམས་ཀྱི་གནས་སྟངས་སྐོར་ལས་མི་རྗེ་བློན་ཆེན་འཇིགས་མེད་འོད་ཟེར་འཕྲིན་ལས་མཆོག་གིས་ཕུལ་བའི་ལོ་བསྟར་སྙན་ཞུ་ཐེངས་གསུམ་པ།
Statement of responsibility, etc. Lyonchhen Jigme Yoeser Thinley.
246 ## - VARYING FORM OF TITLE
Title proper/short title [Third annual report of Lyonchhen Jigme Yoeser Thinley to the seventh session of the first Parliament on the state of the nation].
260 00 - PUBLICATION, DISTRIBUTION, ETC.
Place of publication, distribution, etc. Thimphu :
Name of publisher, distributor, etc. Cabinet Secretariat,
Date of publication, distribution, etc. 2011.
300 00 - PHYSICAL DESCRIPTION
Extent 124 p.
500 00 - GENERAL NOTE
General note ""1st July 2011""
650 00 - SUBJECT ADDED ENTRY--TOPICAL TERM
Topical term or geographic name entry element Bhutan.
856 ## - ELECTRONIC LOCATION AND ACCESS
Uniform Resource Identifier <a href="http://www.cabinet.gov.bt/annual_report/Third%20anual%20nation%20Report.pdf">http://www.cabinet.gov.bt/annual_report/Third%20anual%20nation%20Report.pdf</a>
Link text Druk gi che-cha dhang pay chog-tha den pay ngyn gel-kham ki nga-tang kor lay mezig Lyonchhen Jigme Yoeser Thinley chog gi phel wai lho-tar ngen-zu tengsum-pa
942 ## - ADDED ENTRY ELEMENTS (KOHA)
Source of classification or shelving scheme Dewey Decimal Classification
Koha item type Dzongkha
Holdings
Withdrawn status Lost status Source of classification or shelving scheme Damaged status Not for loan Collection code Home library Current library Shelving location Date acquired Serial Enumeration / chronology Inventory number Full call number Barcode Date last seen Copy number Price effective from Koha item type Total Checkouts Date last checked out
    Dewey Decimal Classification     Dzongkha RTC Library RTC Library Dzongkha 24/01/2024 4767 954.98 YOE 30004890 27/11/2018 1 27/11/2018 Dzongkha    
  Missing Dewey Decimal Classification     Dzongkha RTC Library RTC Library Dzongkha 19/10/2021 4768 954.98 YOE 30004891 12/01/2022 4 27/11/2018 Dzongkha 3 19/10/2021
    Dewey Decimal Classification     Dzongkha RTC Library RTC Library Dzongkha 24/02/2021 4769 954.98 YOE 30004888 09/03/2021 3 27/11/2018 Dzongkha 1 24/02/2021
    Dewey Decimal Classification     Dzongkha RTC Library RTC Library Dzongkha 15/05/2022 4770 954.98 YOE 30004948 10/06/2022 1 27/11/2018 Dzongkha 1 15/05/2022
    Dewey Decimal Classification     Dzongkha RTC Library RTC Library Dzongkha 19/10/2021 4771 954.98 YOE 30004878 25/10/2021 5 27/11/2018 Dzongkha 1 19/10/2021
Royal Thimphu College || All Right Reserved